000 00652nam a22002177a 4500
003 UA-OsUOA
001 103454
007 ta
008 20131030b un ||||| |||| 00| 0 ukr d
100 _aДонцова Л.
090 _a330(477)
_bД67
942 _cSA
040 _aUA-OsUOA
_brus
_cUA-OsUOA
_dUA-OsUOA
245 _aСовременные тенденции развития налоговой системы Украины
300 _aС.26-34
955 _a0
041 _arus
080 _a330(477)
773 0 _w103452
_tМеждународная экономика
_dМ.
_d2013
_g9
650 7 _a330 Економіка взагалі
_2UDC
999 _c390265
_d390265